UNA EDAD A FLOR DE PIEL (Registro nro. 68705)

Detalles MARC
000 -CABECERA
campo de control de longitud fija 00894nam a22002177a 4500
008 - DATOS DE LONGITUD FIJA--INFORMACIÓN GENERAL
campo de control de longitud fija 260627b mx ||||gr|||| 00| 0 spa d
020 ## - NÚMERO INTERNACIONAL ESTÁNDAR DEL LIBRO
Número Internacional Estándar del Libro 970 - 35 - 0610 - 0
040 ## - FUENTE DE LA CATALOGACIÓN
Lengua de catalogación spa
082 04 - NÚMERO DE LA CLASIFICACIÓN DECIMAL DEWEY
Número de clasificación 372.423
Número de documento/Ítem C64
100 ## - ENTRADA PRINCIPAL--NOMBRE DE PERSONA
9 (RLIN) COLASANTI, MARINA
Títulos y otros términos asociados al nombre MARTÍN, ANDREU
245 ## - MENCIÓN DE TÍTULO
Título UNA EDAD A FLOR DE PIEL
Resto del título ¿POR QUÉ LITERATURA PARA ADOLESCENTES? CONFERENCIA PARA UN RELATO EJEMPLAR
260 ## - PUBLICACIÓN, DISTRIBUCIÓN, ETC.
Lugar de publicación, distribución, etc. MÉXICO
Nombre del editor, distribuidor, etc. CONSEJO NACIONAL PARA LA CULTURA Y LAS ARTES
Fecha de publicación, distribución, etc. 2004
300 ## - DESCRIPCIÓN FÍSICA
Extensión 53 páginas
Dimensiones 21 cm x 13.5 cm
336 ## - TIPO DE CONTENIDO
Fuente rdacontent
Término de tipo de contenido texto
Código de tipo de contenido txt
337 ## - TIPO DE MEDIO
Fuente rdamedia
Nombre/término del tipo de medio sin mediación
Código del tipo de medio n
338 ## - TIPO DE SOPORTE
Fuente rdacarrier
Nombre/término del tipo de soporte volumen
Código del tipo de soporte nc
490 0# - MENCIÓN DE SERIE
Mención de serie VOL. 11
505 ## - NOTA DE CONTENIDO CON FORMATO
Nota de contenido con formato Se defiende la importancia de escribir para jóvenes desde la experiencia vital y rechazan la idea de que la literatura juvenil sea un género menor.
650 ## - PUNTO DE ACCESO ADICIONAL DE MATERIA--TÉRMINO DE MATERIA
Término de materia o nombre geográfico como elemento de entrada CIENCIAS SOCIALES
Subdivisión de forma EDUCACIÓN
Subdivisión general EDUCACIÓN PRIMARIA
942 ## - ELEMENTOS DE PUNTO DE ACCESO ADICIONAL (KOHA)
Fuente del sistema de clasificación o colocación Dewey Decimal Classification
Tipo de ítem Koha General jóvenes y Adultos
Existencias
Estado de retiro Estado de pérdida Fuente del sistema de clasificación o colocación Estado dañado No para préstamo Código de colección Localización permanente Ubicación/localización actual Fecha de adquisición Fuente de adquisición Información codificada de la localización en otra ubicación Total de préstamos Signatura topográfica completa Fecha visto por última vez Número de copia Precio válido a partir de Tipo de ítem Koha
    Dewey Decimal Classification     Colección General BFC BIBLIOTECA PÚBLICA CENTRAL ESTATAL “FRANCISCO CERVANTES” BIBLIOTECA PÚBLICA CENTRAL ESTATAL “FRANCISCO CERVANTES” 02/22/2012 DONACION DGB   372.423 / C64 06/27/2026 EJ.1 06/27/2026 General jóvenes y Adultos